000
002500000a22001090004500
041
0
_a
spa
082
0
4
_a
CD 071
100
1
_a
MarĂn, Mario
245
1
0
_a
Descubriendo el agua. Ciencias con material de desecho / MarioMarĂn
001
1125
942
_c
LGB
999
_c
48300
_d
48300